000 00987nam a2200325 c 4500
003 BLK
005 20180420224631.0
008 180408b bul|||||r ||||||| ||bul||
010 _aKNG00086359000
020 _a954-792-068-5
_bиздат.: СКОРПИО ви
040 _aBLK
041 _aBUL
_cBUL
080 _aАстрология
_b133.52
_x
_z133.52
100 1 _aЙоана
_eпърви автор
_9300281
139 _aЙоана
_bИ 75
245 1 0 _aКозирог
_b22 дек. - 19 ян. : Личен хороскоп
_cЙоана.
245 1 0 _aПрогноза за всеки ден
_b
_c
257 _aBGR
260 София
_bСКОРПИО ви
_c2003
300 _a152 с.
_c17 см
380 _a1
650 4 _aАстрология
_9147757
653 _aастрология
653 _aхороскопи
852 _aЦб І 33163
856 4 _qpdf
_u
856 4 _qpdf
_u
942 _cKNG
_n0
944 _aCR
_c11.11.2008
_kМилена_Ачева
944 _aED
_c09.02.2009
_k
999 _c81840
_d81840